Teams that Sebastián Abreu Played For - Statistics

General Stats
  • This quiz has been taken 49 times
    40 since last reset
  • The average score is 15 of 38
Answer Stats
Year(s) Apps Goals Team % Correct
2001 18 16 Nacional
66%
2004-2005 31 16 Nacional
66%
2013-2015 18 5 Nacional
66%
2008 17 2 River Plate
60%
2008-2009 0 0 River Plate
60%
2010-2012 93 55 Botafogo
51%
2017 13 11 Puerto Montt
51%
1996-2012 70 26 Uruguay
51%
1998-2004 15 3 Deportivo La Coruña
49%
1995-1996 24 13 Defensor
46%
2003 16 3 América
43%
2019-2020 33 4 Boston River
43%
1996-1998 43 26 San Lorenzo
40%
2000-2001 25 10 San Lorenzo
40%
2007-2008 15 7 UANL
40%
2015 10 4 Aucas
37%
1998 7 1 Grêmio
37%
2006 16 7 Monterrey
37%
2021 6 4 Olimpia de Minas
37%
2013-2014 38 8 Rosario Central
37%
2017 8 6 Central Español
34%
2002-2003 39 34 Cruz Azul
34%
2009 18 11 Real Sociedad
34%
2016 10 2 Sol de América
34%
2021 4 0 Sud América
34%
2009-2010 8 3 Aris
31%
2018 10 0 Audax Italiano
31%
2017 10 3 Bangu
31%
2007 14 6 San Luis
31%
2005-2006 34 22 Sinaloa
31%
2012 5 0 Figueirense
29%
2019 8 6 Rio Branco
29%
2016 21 13 Santa Tecla
29%
1999-2000 33 27 Tecos
29%
2004 17 5 Tecos
29%
2021 4 0 Athletic-MG
26%
2008 0 0 Beitar Jerusalem
26%
2018 9 3 Magallanes
26%
No matching quizzes found
Score Distribution
Percent of People with Each Score
Percentile by Number Answered
Your Score History
You have not taken this quiz since the last reset